Methods in microarray normalization / (Record no. 21288)
[ view plain ]
| 000 -LEADER | |
|---|---|
| fixed length control field | 01983cam a2200337 i 4500 |
| 001 - CONTROL NUMBER | |
| control field | 15075062 |
| 003 - CONTROL NUMBER IDENTIFIER | |
| control field | EG-ScBUE |
| 005 - DATE AND TIME OF LATEST TRANSACTION | |
| control field | 20260124105012.0 |
| 008 - FIXED-LENGTH DATA ELEMENTS--GENERAL INFORMATION | |
| fixed length control field | 071106t2008 flua frb 001 0 eng d |
| 020 ## - INTERNATIONAL STANDARD BOOK NUMBER | |
| International Standard Book Number | 9781420052787 (hardback : alk. paper) |
| 020 ## - INTERNATIONAL STANDARD BOOK NUMBER | |
| International Standard Book Number | 1420052780 (hardback : alk. paper) |
| 040 ## - CATALOGING SOURCE | |
| Original cataloging agency | DNLM/DLC |
| Language of cataloging | eng |
| Description conventions | rda |
| Transcribing agency | DLC |
| Modifying agency | NLM |
| -- | YDXCP |
| -- | BAKER |
| -- | C#P |
| -- | DLC |
| -- | EG-ScBUE |
| 082 04 - DEWEY DECIMAL CLASSIFICATION NUMBER | |
| Classification number | 572.8636 |
| Edition number | 22 |
| Item number | MET |
| 245 00 - TITLE STATEMENT | |
| Title | Methods in microarray normalization / |
| Statement of responsibility, etc | edited by Phillip Stafford. |
| 264 #1 - PUBLICATION, DISTRIBUTION, ETC. (IMPRINT) | |
| Place of publication, distribution, etc | Boca Raton : |
| Name of publisher, distributor, etc | CRC Press / Taylor & Francis Group, |
| Date of publication, distribution, etc | [2008] |
| 264 #4 - PUBLICATION, DISTRIBUTION, ETC. (IMPRINT) | |
| Date of publication, distribution, etc | c2008 |
| 300 ## - PHYSICAL DESCRIPTION | |
| Extent | xvi, 284 pages : |
| Other physical details | illustrations (some color) ; |
| Dimensions | 25 cm. |
| 336 ## - CONTENT TYPE | |
| Source | rdacontent |
| Content type term | text |
| Content type code | txt |
| 337 ## - MEDIA TYPE | |
| Media type term | unmediated |
| Source | rdamedia |
| Media type code | n |
| 338 ## - CARRIER TYPE | |
| Carrier type term | volume |
| Carrier type code | nc |
| Source | rdacarrier |
| 490 0# - SERIES STATEMENT | |
| Series statement | Drug discovery series ; |
| Volume number/sequential designation | 10 |
| 504 ## - BIBLIOGRAPHY, ETC. NOTE | |
| Bibliography, etc | Includes bibliographical references and index.<br/> |
| 505 0# - FORMATTED CONTENTS NOTE | |
| Formatted contents note | A comprehensive analysis of the effect of microarray data preprocessing methods on differentially expressed transcript selection -- Differentiation detection in microarray normalization -- Preprocessing and normalization for Affymetrix GeneChip expression microarrays -- Spatial detrending and normalization methods for two-channel DNA and protein microarray data -- A survey of cDNA microarray normalization and a comparison by k-NN classification -- Technical variation in modeling the joint expression of several genes -- Biological interpretation for microarray normalization selection -- Methodology of functional analysis for omics data normalization -- Exon array analysis for the detection of alternative splicing -- Normalization of array CGH data -- SNP array-based analysis for the detection of chromosomal aberrations and copy number variations. |
| 650 #7 - SUBJECT ADDED ENTRY--TOPICAL TERM | |
| Topical term or geographic name as entry element | DNA microarrays. |
| Source of heading or term | BUEsh |
| 650 #7 - SUBJECT ADDED ENTRY--TOPICAL TERM | |
| Topical term or geographic name as entry element | Gene expression. |
| Source of heading or term | BUEsh |
| 651 ## - SUBJECT ADDED ENTRY--GEOGRAPHIC NAME | |
| Source of heading or term | BUEsh |
| 653 ## - INDEX TERM--UNCONTROLLED | |
| Resource For college | Pharmacy |
| Arrived date list | February2016 |
| 655 ## - INDEX TERM--GENRE/FORM | |
| Form subdivision | Reading book |
| 700 1# - ADDED ENTRY--PERSONAL NAME | |
| Personal name | Stafford, Phillip, |
| Relator term | editor. |
| 942 ## - ADDED ENTRY ELEMENTS (KOHA) | |
| Source of classification or shelving scheme | Dewey Decimal Classification |
| Koha item type | Book - Borrowing |
| Withdrawn status | Lost status | Source of classification or shelving scheme | Damaged status | Not for loan | Collection code | Home library | Current library | Shelving location | Date acquired | Source of acquisition | Cost, normal purchase price | Serial Enumeration / chronology | Total Checkouts | Full call number | Barcode | Date last seen | Cost, replacement price | Price effective from | Koha item type |
|---|---|---|---|---|---|---|---|---|---|---|---|---|---|---|---|---|---|---|---|
| Dewey Decimal Classification | Central Library | Central Library | First floor | 29/02/2016 | Purchase | 850.00 | 2 | 572.8636 MET | 000031777 | 15/07/2025 | 1065.00 | 29/02/2016 | Book - Borrowing |